000 00515nam a22001697a 4500
005 20250416131011.0
008 250416b |||||||| |||| 00| 0 eng d
020 _a9798888365793
041 _aeng
082 _a616.891 BAR
100 _aBarton, Scarlet
245 _aRelationship Counseling: A Guide For Professionals
260 _aUSA
_bLainren And Keller Education
_c2025
300 _a224;. pages: 27 cm
650 _aCouples Therapy; Psychotherapy-Couples and Family; Psychology; Counseling
942 _cBK
999 _c43623
_d43623